My Kink Is Karma - Chappell Roan (All Lyrics) - Statistics

General Stats
  • This quiz has been taken 135 times
  • The average score is 327 of 393
Answer Stats
Lyrics % Correct
I
99%
my
97%
you
97%
You
97%
ruin
96%
a
95%
your
95%
kink
94%
me
94%
is
92%
it
92%
We
92%
when
92%
And
91%
and
91%
It's
91%
it's
91%
karma
91%
up
91%
watchin
91%
You're
91%
you're
91%
broke
90%
on
90%
say
90%
watching
90%
Who
90%
who
90%
but
89%
But
89%
life
89%
losing
89%
out
89%
People
89%
the
89%
Tuesday
89%
I'm
87%
In
87%
in
87%
jealous,
87%
Kicked
87%
kicked
87%
Get
86%
with
86%
aesthetic
85%
car
85%
credit,
85%
of
85%
cute
84%
Oh,
84%
oh,
84%
that
84%
getting
82%
Ruined
82%
stole
82%
care
81%
God
81%
God,
81%
hair
81%
house
81%
front
80%
hot
80%
hot,
80%
meltdown
80%
mind
80%
thinking
80%
crashing
78%
date
78%
girls
78%
have
78%
bad
77%
ended?
77%
from
77%
knew
77%
lately
77%
let
77%
this
77%
back
76%
be
76%
eighteen
76%
heard
76%
parents
76%
comical,
75%
Katie
75%
are
73%
mouth
73%
Moved
73%
we'd
73%
burn
71%
running
71%
as
70%
doing
70%
sweater
70%
fake
68%
to
68%
better
67%
foreplay
67%
No
67%
breaking
66%
bridges
66%
'cause
66%
dyeing
66%
Gucci
66%
Six
66%
April
65%
heart
65%
months
65%
turn
65%
yeah,
65%
karma's
63%
real,
63%
off,
62%
off
62%
around,
61%
around
61%
called
61%
coming
61%
downtown
61%
hateful
61%
since
61%
distress
59%
drinking
59%
need
59%
rent
59%
Using
59%
way
59%
worst
59%
best,
58%
Wishing
58%
yourself,
58%
If
57%
going
56%
hope
54%
hating
53%
myself
52%
hell
51%
through
51%
feeling
48%
payed
47%
know
43%
pissed
43%
caught
33%
No matching quizzes found
Score Distribution
Percent of People with Each Score
Percentile by Number Answered
Your Score History
You have not taken this quiz